Biggest World Cities by First 2 Letters - Statistics

General Stats
  • This quiz has been taken 415 times
  • The average score is 105 of 280
Answer Stats
Hint Country Answer % Correct
AD Ethiopia Addis Ababa
84%
CA Egypt Cairo
82%
AC Ghana Accra
80%
AN Turkey Ankara
80%
BR Brazil Brasilia
80%
RO Italy Rome
80%
BE China Beijing
79%
BO Colombia Bogota
79%
DU UAE Dubai
79%
LI Peru Lima
79%
TO Japan Tokyo
79%
BA Thailand Bangkok
78%
CO Germany Cologne
78%
LY France Lyon
78%
SE South Korea Seoul
78%
BI UK Birmingham
77%
BU Argentina Buenos Aires
77%
FL Italy Florence
77%
FR Germany Frankfurt
77%
JA Indonesia Jakarta
77%
PA France Paris
77%
PR Czech Republic Prague
77%
AM Jordan Amman
76%
PY North Korea Pyongyang
76%
TE Iran Tehran
76%
AT USA Atlanta
75%
JO South Africa Johannesburg
75%
LA Nigeria Lagos
75%
MA Philippines Manila
75%
PH USA Philadelphia
75%
TA Taiwan Taipei
75%
ZA Croatia Zagreb
75%
AU USA Austin
74%
DH Bangladesh Dhaka
74%
KU Malaysia Kuala Lumpur
74%
SK Macedonia Skopje
74%
ST Germany Stuttgart
74%
WA USA Washington
74%
ZU Switzerland Zürich
74%
CI USA Cincinnati
73%
SA Brazil Saõ Paulo
73%
SO Bulgaria Sofia
73%
OT Canada Ottawa
72%
SY Australia Sydney
72%
TB Georgia Tbilisi
72%
VI Austria Vienna
72%
DE India Delhi
71%
HO Vietnam Ho Chi Minh City
71%
LJ Slovenia Ljubljana
71%
OS Japan Osaka
71%
AS Paraguay Asuncion
70%
GL UK Glasgow
70%
LO USA Los Angeles
70%
MO Russia Moscow
70%
SH China Shanghai
70%
UL Mongolia Ulaanbaatar
70%
VA Canada Vancouver
70%
AA Germany Aachen
69%
ED Canada Edmonton
69%
GD Poland Gdansk
69%
KI D.R.Congo Kinshasa
69%
KY Japan Kyoto
69%
RI Brazil Rio de Janeiro
69%
DA USA Dallas
68%
FE Morocco Fez
68%
KH Sudan Khartoum
68%
CL USA Cleveland
67%
JE Saudi Arabia Jeddah
67%
KA Pakistan Karachi
67%
LE UK Leeds
67%
LU Angola Luanda
67%
NE USA New York City
67%
TR Libya Tripoli
67%
DR Germany Dresden
66%
IS Turkey Istanbul
66%
NU Germany Nuremberg
66%
AL Egypt Alexandria
65%
GA Palestine Gaza
65%
LV Ukraine Lviv
64%
CH India Chennai
63%
AB Cote d'Ivoire Abidjan
62%
AG India Agra
62%
MU India Mumbai
62%
DJ - Djibouti
61%
HY India Hyderabad
61%
WU China Wuhan
61%
GH Belgium Ghent
60%
EL USA El Paso
59%
GU China Guangzhou
58%
OU Burkina Faso Ouagadougou
58%
GI Egypt Giza
57%
VO Russia Volgograd
57%
ME - Mexico City
56%
PI USA Pittsburgh
56%
MI USA Miami
55%
NA Japan Nagoya
55%
ND Chad N'Djamena
55%
SI - Singapore
55%
AH India Ahmedabad
54%
IZ Turkey Izmir
54%
KO India Kolkata
54%
RE Brazil Recife
54%
UP Sweden Uppsala
54%
VL Russia Vladivostok
54%
HI Japan Hiroshima
53%
OD Ukraine Odessa
53%
VE Italy Verona
53%
OM Russia Omsk
52%
FO Brazil Fortaleza
51%
EX UK Exeter
50%
YE Russia Yekaterinburg
50%
CE Philippines Cebu
49%
KN USA Knoxville
49%
OR USA Orlando
49%
PO Brazil Porto Alegre
49%
TU - Tunis
49%
YA Myanmar Yangon
48%
NO Russia Novosibirsk
47%
WR Poland Wroclaw
47%
CU Brazil Curitiba
46%
PU India Pune
46%
TI China Tianjin
46%
XI China Xiamen
45%
DN Ukraine Dnipro
44%
EI Netherlands Eindhoven
44%
LH China Lhasa
44%
SW UK Swansea
43%
UF Russia Ufa
43%
HA China Hangzhou
40%
FA Pakistan Faisalabad
39%
OA Mexico Oaxaca
39%
PL Bulgaria Plovdiv
39%
UR China Urumqi
38%
FU China Fuzhou
37%
IB Nigeria Ibadan
36%
QI China Qingdao
36%
ER Iraq Erbil
34%
QO Iran Qom
34%
RA Pakistan Rawalpindi
34%
SZ Poland Szczecin
32%
HE China Hefei
31%
OV Spain Oviedo
31%
SF Tunisia Sfax
31%
SU India Surat
31%
GR USA Greensboro
30%
ZH China Zhengzhou
30%
EU USA Eugene
29%
KR Russia Krasnoyarsk
29%
PE Pakistan Peshawar
29%
SM Russia Smolensk
29%
SP USA Springfield
29%
JI China Jinan
28%
MC USA McAllen
28%
IN India Indore
27%
IA Romania Iasi
26%
AR Peru Arequipa
25%
GE Malaysia George Town
24%
EA South Africa East London
23%
GO Brazil Goiania
23%
WE China Wenzhou
23%
BY Poland Bydgoszcz
22%
DO China Dongguan
22%
OX USA Oxnard
22%
SC USA Scranton
22%
TV Russia Tver
22%
ZW Netherlands Zwolle
22%
BL Malawi Blantyre
21%
NI China Ningbo
21%
OO Belgium Oostende
21%
OK Japan Okayama
20%
EM Netherlands Emmen
19%
GW South Korea Gwangju
19%
HU China Huizhou
19%
MB D.R.Congo Mbuji-Mayi
19%
MY India Mysore
19%
OB Germany Oberhausen
19%
WO USA Worcester
19%
YO Indonesia Yogyakarta
19%
OL Germany Oldenburg
18%
WI USA Wichita
18%
AP Netherlands Apeldoorn
17%
BH India Bhilai
17%
EC Mexico Ecatepec
17%
EV USA Evansville
17%
RY Russia Ryazan
17%
CR Romania Craiova
16%
SR India Srinagar
16%
ZI China Zibo
16%
CZ Poland Czestochowa
15%
IV Russia Ivanovo
15%
LL Spain Lleida
15%
XU China Xuzhou
15%
JY Finland Jyväskylä
14%
ON Nigeria Onitsha
14%
OP Poland Opole
14%
PF Germany Pforzheim
14%
TY Russia Tyumen
14%
DI Turkey Diyarbakir
13%
HR Czech Republic Hradec Kravlove
13%
MW Tanzania Mwanza
13%
RZ Poland Rzeszow
13%
IO Greece Ioannina
12%
QU China Quanzhou
12%
OF Germany Offenburg
11%
OY Nigeria Oyo
11%
UB Brazil Uberlandia
11%
DZ Russia Dzerzhinsk
10%
EN Nigeria Enugu
10%
ES Turkey Eskisehir
10%
TL Mexico Tlaxcala
10%
AZ Ukraine Azov
9%
IF Nigeria Ife
9%
NH Vietnam Nha Trang
9%
SN Netherlands Sneek
9%
TH India Thiruvananthapuram
9%
UD India Udaipur
9%
XA Mexico Xalapa
9%
AO Japan Aomori
8%
EZ China Ezhou
8%
IL Nigeria Ilorin
8%
KE Iran Kermanshah
8%
OC USA Oceanside
8%
UY Nigeria Uyo
8%
ZE Bosnia & Herzegovina Zenica
8%
AF Turkey Afyon
7%
NY Sudan Nyala
7%
OI Japan Ōita
7%
SL Bulgaria Sliven
7%
UJ India Ujjain
7%
UT Japan Utsinomiya
7%
UZ Ukraine Uzzhorod
7%
ZO Netherlands Zoetermeer
7%
AW Ethiopia Awassa
6%
HS Taiwan Hsinchu
6%
NS Nigeria Nsukka
6%
OW Nigeria Owerri
6%
WL Poland Wloclawek
6%
YI China Yiwu
6%
ZL Russia Zlatoust
6%
ZR Serbia Zrenjanin
6%
AJ India Ajmer
5%
AK China Aksu
5%
FI India Firozabad
5%
GY South Korea Gyeongju
5%
JH India Jhansi
5%
KW Zimbabwe Kwekwe
5%
NZ Guinea Nzerekore
5%
OG Nigeria Ogbomosho
5%
TS D.R.Congo Tshikapa
5%
US Kazakhstan Ust-Kamenogorsk
5%
AV Argentina Avellaneda
4%
AY Turkey Aydin
4%
BN Israel Bnei Brak
4%
IC Japan Ichikawa
4%
IM Brazil Imperatriz
4%
IP Brazil Ipatinga
4%
IT Brazil Itajai
4%
IW Japan Iwaki
4%
KL Malaysia Kluang
4%
MT South Africa Mtatha
4%
UE Japan Ueda
4%
UK Russia Ukhta
4%
WH Canada Whitby
4%
II Japan Iida
3%
IX Mexico Ixtapaluca
3%
JU India Jullundur
3%
UM Nigeria Umuahia
3%
UV D.R.Congo Uvira
3%
VU Vietnam Vung Tau
3%
YU China Yueyang
3%
AI India Aizawl
2%
EK South Africa Ekurhurleni
2%
MS Algeria M'Sila
2%
QA Iraq Qazvin
2%
RU China Rugao
2%
EB Japan Ebina
1%
IK South Korea Iksan
1%
OZ Philippines Ozamiz
1%
UN India Unnao
1%
XO Uzbekistan Xo'jayli
0%
No matching quizzes found
Score Distribution
Percent of People with Each Score
Percentile by Number Answered
Your Score History
You have not taken this quiz